Statistiques concernant Focus sur: Vidugavia - Tolkien

Cliquez ici pour prendre le quiz!

Statistiques générales

  • Ce quiz a été pris 4 fois
  • Le résultat moyen est 4 sur 6

Statistiques - réponses

Informations recherchéesRéponses% Correct
EspèceHomme
100%
Première apparitionLe Silmarillion
75%
ContréeRhovanion
75%
Profession et titreRoi du Rhovanion
75%
Age durant lequel il vécutTroisième
75%
FilleVidumavi
25%

Distribution des résultats

Percentile par nombre de réponses

% des personnes avec chaque résultat

Votre développement - résultats

Vous n’avez pas pris ce quiz